| Tag |
First Indicator |
Second Indicator |
Subfields |
| LEADER |
00000cam a22000004a 4500 |
| 001 |
in00002118938 |
| 005 |
20151103064643.0 |
| 008 |
010405s2002 enka b 001 0 eng |
| 010 |
|
|
|a 2001022841
|
| 015 |
|
|
|a GBA1-W3684
|
| 019 |
|
|
|a 47674869
|
| 020 |
|
|
|a 075460277X (alk. paper)
|
| 029 |
1 |
|
|a UKM
|b bA1W3684
|
| 029 |
1 |
|
|a NLGGC
|b 216972582
|
| 035 |
|
|
|a (OCoLC)ocm46857334
|
| 040 |
|
|
|a DLC
|c DLC
|d UKM
|d C#P
|d VVC
|d OCL
|d NLGGC
|d UtOrBLW
|
| 042 |
|
|
|a pcc
|
| 049 |
|
|
|a TXAM
|
| 050 |
0 |
0 |
|a NX650.C48
|b P53 2002
|
| 082 |
0 |
0 |
|a 704.9/425/0903
|2 21
|
| 084 |
|
|
|a 20.21
|2 bcl
|
| 245 |
0 |
0 |
|a Picturing children :
|b constructions of childhood between Rousseau and Freud /
|c edited by Marilyn R. Brown.
|
| 264 |
|
1 |
|a Aldershot, Hants, England ;
|a Burlington, VT :
|b Ashgate,
|c [2002]
|
| 264 |
|
4 |
|c ©2002
|
| 300 |
|
|
|a xix, 219 pages :
|b illustrations ;
|c 24 cm.
|
| 336 |
|
|
|a text
|b txt
|2 rdacontent
|
| 337 |
|
|
|a unmediated
|b n
|2 rdamedia
|
| 338 |
|
|
|a volume
|b nc
|2 rdacarrier
|
| 504 |
|
|
|a Includes bibliographical references (pages [207]-214) and index.
|
| 505 |
0 |
|
|a Introduction: Baudelaire between Rousseau and Freud / Marilyn R. Brown -- Introduction: the unmaking of childhood / Carol Mavor -- Sex education and the child: gendering erotic response in eighteenth-century France / Jennifer Milam -- Family matters: the construction of childhood in nineteenth-century artists' biographies / Petra ten-Doesschate Chu -- Childhood and aesthetic education: the role of Emile in the formation of Gustave Courbet's The painter's studio / Daniel R. Guernsey -- Baudelaire's 'La corde' as a figuration of Manet's art / Nancy Locke -- Impressionist dolls: on the commodification of girlhood in impressionist painting / Greg M. Thomas -- Winged fantasies: construction of childhood, innocence, adolescence, and sexuality in Victorian fairy painting / Susan P. Casteras -- Photographing childhood: Lewis Carrol and Alice / Diane Waggoner -- Toys in Freud's attic: torment and taboo in the child and adolescent themes of Vienna's image-makers / Alessandra Comini -- Children's studies and the romantic child / George Dimock -- What do you want to know about children? / Anne Higonnet.
|
| 650 |
|
0 |
|a Children in art.
|
| 650 |
1 |
7 |
|a Beeldende kunsten.
|2 gtt
|
| 650 |
1 |
7 |
|a Kinderen.
|2 gtt
|
| 650 |
1 |
7 |
|a Beeldvorming.
|2 gtt
|
| 700 |
1 |
|
|a Brown, Marilyn.
|
| 948 |
|
|
|a cataloged
|b h
|c 2006/5/10
|d c
|e ceaton
|f 2:21:50 pm
|
| 994 |
|
|
|a C0
|b TXA
|
| 999 |
|
|
|a MARS
|
| 999 |
f |
f |
|s 86650605-cc2e-33b3-acdc-1f0f91510a6f
|i 422221fa-392c-33f2-9033-597d38e37163
|t 0
|
| 952 |
f |
f |
|p normal
|a Texas A&M University
|b College Station
|c Sterling C. Evans Library
|d Evans: Library Stacks
|t 0
|e NX650.C48 P53 2002
|h Library of Congress classification
|i unmediated -- volume
|m A14834090262
|
| 998 |
f |
f |
|a NX650.C48 P53 2002
|t 0
|l Evans: Library Stacks
|